Statistics for Spanish Regional Capitals Quiz

Click here to take the quiz!

General Stats

  • This quiz has been taken 443 times
  • The average score is 12 of 17

Answer Stats

HintAnswer% Correct
CataloniaBarcelona
100%
Community of MadridMadrid
99%
Valencian CommunityValencia
95%
AndaluciaSeville
94%
Region of MurciaMurcia
88%
Balearic IslandsPalma
84%
AragonZaragoza
84%
Canary IslandsSanta Cruz de Tenerife and Las Palmas (alternating)
75%
NavarrePamplona
70%
Castilla-La ManchaToledo
67%
Castile and LeónValladolid
66%
GaliciaSantiago de Compostela
64%
CantabriaSantander
63%
AsturiasOviedo
59%
Basque CountryVitoria-Gasteiz
53%
ExtremaduraMérida
44%
La RiojaLogroño
39%

Score Distribution

Percentile by Number Answered

Percent of People with Each Score

Your Score History

You have not taken this quiz